Návrh opatrení na zlepšenie využitia motivátorov ako nástrojov zvyšovania produktivity práce v organizáciách so zavedeným systémom manažérstva kvality

Guardado en:
Detalles Bibliográficos
Autor principal: Gerek, Radovan, 1988- (Autor)
Otros Autores: Nováková, Renáta, 1968- (Orientador)
Formato: Manuscrito Libro
Lenguaje:eslovaco
Publicado: Trnava : STU v Bratislave MTF UPMK KIK, 2010
Materias:
Acceso en línea:VAIS
Etiquetas: Agregar Etiqueta
Sin Etiquetas, Sea el primero en etiquetar este registro!

MARC

LEADER 00000ntm a22000003a 4500
001 stu217546
005 20160719160406.2
008 101127s2010----xo------------------slo-d
040 |a STU  |b slo 
041 0 |a slo 
044 |a xo 
100 1 |a Gerek, Radovan,  |d 1988-  |4 aut  |X 48434  |7 A000048434 
242 0 0 |a Proposal of arrangements on improvement of utilization of motivators as the tools for raising labour productivity in the organizations wiht Quality management system  |y eng 
245 1 |a Návrh opatrení na zlepšenie využitia motivátorov ako nástrojov zvyšovania produktivity práce v organizáciách so zavedeným systémom manažérstva kvality 
260 |a Trnava :  |b STU v Bratislave MTF UPMK KIK,  |c 2010 
650 7 |a kvalita produkcie  |2 stusub 
650 7 |a Quality of Production  |2 estusub 
650 7 |a motivation  |2 estusub 
650 7 |a produktivita práce  |2 stusub 
650 7 |a manažérstvo kvality  |2 stusub 
700 1 |a Nováková, Renáta,  |d 1968-  |4 ths  |u M300  |U MTF Ústav priemyselného inžinierstva a manažmentu  |T MTF Katedra inžinierstva kvality  |X 1481  |U M300  |Y M300  |7 A000001481 
856 4 |a info a plný text  |u http://is.stuba.sk/zp/portal_zp.pl?podrobnosti=47049  |3 VAIS 
996 |c M*BP-4557  |l MMSKP  |s P  |a 0  |w stu217546_0001